| 000 | 00508nam a2200181Ia 4500 | ||
|---|---|---|---|
| 008 | 230917s9999||||xx |||||||||||||| ||und|| | ||
| 020 | _cGBP 52.99 (RS 5480.76) | ||
| 040 |
_e5014234 _aMAIN |
||
| 041 | _aEnglish | ||
| 082 | _a338.4791 E15S(3) | ||
| 100 | _aEvans, Nigel | ||
| 245 | 0 | _aStrategic management for tourism, hospitality and events | |
| 250 | _a3rd ed. | ||
| 260 |
_aOxon _bRoutledge _c2020 |
||
| 300 | _axxv, 787 p. | ||
| 500 | _a4107 08/10/2021 HBD21/8879 18/10/2021 IHTM (SFS) | ||
| 942 | _cBK | ||
| 999 |
_c2639 _d2639 |
||